000 00522nam a2200205Ia 4500
008 170918s9999 xx 000 0 und d
020 _a9780545237604
050 _bH321 2010
100 _aHarrison, Paul
245 4 _aThe ice age and incredible prehistoric animals /
245 _cPaul Harrison and Lisa Miles.
260 _aNew York :
260 _bScholastic,
260 _c2010
300 _aunpaged :
300 _bcolored illustration ;
300 _c23cm.
440 _a3-D thrillers!
500 _a980
999 _c342209
_d342209